01807cam a22003135a 4500999001700000001000900017005001700026008004100043010001700084020001500101020001800116035002100134040003300155043001200188082002400200100001900224240004600243245007900289260006000368300005400428500007000482500002300552520064000575650004801215651002501263653003901288942000801327952015801335 c27188d271601235890320190224140551.0000626s1989 ua a fr 000 0 eng d a 99502746  a977424575X a9789774245756 a(DLC) 99502746 aDLCbengcDLCdDLCdEG-ScBUE af-ua---04a307.720962bFAT2221 aFathy, Hassan.10aGourna : a tale of two villages.lEnglish10aArchitecture for the poor :ban experiment in rural Egypt /cHassan Fathy. aCairo :bThe American University in Cairo Press,c1989. axvi, 233 p., [104] p. of plates :bill. ;c23 cm. aOriginally published : Gourna. Cairo : Ministry of Culture, 1969. aIncludes glossary. aArchitecture for the Poor describes Hassan Fathy's plan for building the village of New Gourna, near Luxor, Egypt, without the use of more modern and expensive materials such as steel and concrete. Using mud bricks, the native technique that Fathy learned in Nubia, and such traditional Egyptian architectural designs as enclosed courtyards and vaulted roofing, Fathy worked with the villagers to tailor his designs to their needs. He taught them how to work with the bricks, supervised the erection of the buildings, and encouraged the revival of such ancient crafts as claustra (lattice designs in the mudwork) to adorn the buildings 7aCommunity developmentzEgyptzQurna.2BUEsh 7aEgyptzQurna.2BUEsh bGGENbCOMAMEbENGARCcFebruary2019 2ddc 00102ddc40708AUCaMAINbMAINc1STd2019-02-24ePurchaseg200.00h16583l3m15o307.720962 FATp000044301r2025-07-15 00:00:00s2024-06-23v250.00yBB